Statistics for Fandoms #2

Click here to take the quiz!

General Stats

  • This quiz has been taken 16 times
  • The average score is 4 of 10

Answer Stats

HintAnswer% Correct
WhoviansDoctor Who
73%
Little MonstersLady Gaga
67%
DirectionersOne Direction
67%
ParrotheadsJimmy Buffett
40%
CenationJohn Cena
33%
KellebritiesKelly Clarkson
33%
WayniacsLil' Wayne
33%
VanaticsVan Morrison
13%
KilljoysMy Chemical Romance
0%
Sexy SoulsRicky Martin
0%

Score Distribution

Percentile by Number Answered

Percent of People with Each Score

Your Score History

You have not taken this quiz